Statistics for David Tennant Filmography

Click here to take the quiz!

General Stats

  • This quiz has been taken 31 times
    (7 since last reset)
  • The average score is 74 of 337

Answer Stats

Type Year Name % Correct
Theater2020Good
100%
TV Show2005-2010, 2013Doctor Who
100%
Web Mini-Series2019Good Omens
86%
TV Show2013-2017Broadchurch
86%
Web Series2015-2019Marvel's Jessica Jones
86%
Audio Drama2004How to Train Your Dragon
86%
TV Mini-Series2005Casanova
71%
TV Show2017-PresentDuckTales
71%
Film2005Harry Potter and the Goblet of Fire
71%
Theater1999King Lear
57%
Film2012Nativity 2: Danger in the Manger
57%
Theater2008Hamlet
57%
TV Mini-Series2010Single Father
57%
TV Mini-Series2005Secret Smile
57%
Film2018Bad Samaritan
57%
TV Show2018Camping
57%
TV Mini-Series2004Blackpool
57%
Web Series2019Criminal: UK
57%
TV Mini-Series2020Deadwater Fell
57%
Film2011The Decoy Bride
57%
Audio Drama2004Richard III
43%
Documentary Series2005Doctor Who Confidential
43%
Audio Drama2005UNIT: The Wasting
43%
Film2006Free Jimmy
43%
TV Film2007Recovery
43%
TV Film2007Learners
43%
Film2009Glorious 39
43%
TV Show2009The Sarah Jane Adventures
43%
TV Special2009Comic Relief 2009
43%
TV Mini-SeriesTBADes
43%
Short Film2011The Itch of the Golden Nit
43%
TV Show2014-2017W1A
43%
TV Show2018-PresentFinal Space
43%
Film2018Mary Queen of Scots
43%
Film2017You, Me and Him
43%
Film2017Ferdinand
43%
Film2017Mad to Be Normal
43%
Film2016Fireman Sam: Alien Alert! The Movie
43%
TV Show2014Gracepoint
43%
TV Film2011United
43%
Film2014What We Did on Our Holiday
43%
Film2014Postman Pat: The Movie
43%
TV Mini-Series2013The Escape Artist
43%
TV Mini-Series2013Spies of Warsaw
43%
Film1999The Last September
43%
Film2012The Pirates! In an Adventure with Scientists!
43%
TV Show2012Tree Fu Tom
43%
Film2009St Trinian's 2: The Legend of Fritton's Gold
43%
TV Mini-Series1994Takin' Over the Asylum
43%
Film1996Jude
43%
PSA1987Anti-Smoking Film
29%
TV Show1997Holding the Baby
29%
Short Film1993Spaces
29%
TV Film1993The Brown Man
29%
Audio Drama2005Macbeth
29%
Radio Play2005Dixon of Dock Green
29%
Short Film1997Bite
29%
Film2015Reds and Grays
29%
TV Film2005The Quatermass Experiment
29%
TV Mini-Series2013The Politician's Husband
29%
TV Show2011This is Jinsy
29%
Film1998L.A. Without a Map
29%
TV Mini-Series2004He Knew He Was Right
29%
Short Film2004Old Street
29%
Short Film2004Traffic Warden
29%
Video Game2015Just Cause 3
29%
Theater2013-2014, 2016Richard II
29%
TV Show2008Einstein and Eddington
29%
TV Show2007Dead Ringers
29%
TV Play2012Playhouse Presents
29%
TV Show1995The Bill
29%
Radio Play2010MacB
29%
Documentary Series2011Earthflight
29%
TV Show2011-2012Twenty Twelve
29%
TV Show1995The Tales of Para Handy
29%
TV Show2009-2010Masterpiece
29%
TV Mini-Series2012True Love
29%
TV Short2017The Highway Rat
29%
TV Show2012Star Wars: The Clone Wars
29%
TV Special2009Nan's Christmas Carol
29%
TV Show2012Shakespeare Uncovered
29%
TV Show2012Comedy World Cup
29%
TV Show1988Dramarama
29%
TV Show1996A Mug's Game
29%
Film2003Bright Young Things
29%
Short Film201596 Ways to Say I Love You
29%
Video Game2017Call of Duty: WWII
29%
TV Pilot2001Only Human
29%
TV Show2018There She Goes
29%
Theater2000Romeo and Juliet
29%
TV Show1998Duck Patrol
29%
Web Series2019gen:LOCK
29%
Radio Play2001Much Ado About Nothing
29%
TV Show1999Love in the 21st Century
29%
TV Show1992Bunch of Five
29%
Film2000Being Considered
29%
TV Show1992Strathblair
29%
TV Show2001High Stakes
29%
Short Film2002Nine 1/2 Minutes
29%
TV Show2001People Like Us
29%
Short Film2001Sweetnight Goodheart
29%
TV Show2002Foyle's War
29%
TV Show2013Fish Hooks
14%
TV Documentary2012Our Secret Universe: The Hidden Life of the Cell
14%
Theater1991The Resistible Rise of Arturo Ui
14%
TV Show2012-2018DreamWorks Dragons
14%
Audio Drama2012The Rhyming Rabbit
14%
Audio Drama2012Jack and the Flum Flum Tree
14%
Radio Play2012Believe It!
14%
Radio Play2012Love Virtually
14%
Audio Drama2012Chitty Chitty Bang Bang
14%
Audio Drama2012Silver: The Return to Treasure Island
14%
Theater2018The Muppets Take the O2: Pigs in Space
14%
Radio Play2018Wild Honey
14%
Radio Play2012Waiting for the Boatman
14%
Audio Drama2012How to Steal a Dragon's Sword
14%
Radio Play2012On Her Majesty's Secret Service
14%
Film2019How to Train Your Dragon: The Hidden World
14%
TV Show2017Gudrun: The Viking Princess
14%
Film2019Chew
14%
Radio Play2011The Purple Land
14%
Documentary Series2011Starlight for the Children
14%
Theater1989The Ghost of Benjy O'Neil
14%
Documentary Series2011The T.A. and the Taliban
14%
TV Documentary2011Gerry Rafferty: Right Down the Line
14%
Theater1990Fools
14%
TV Documentary2011Shrek: Once Upon a Time
14%
Radio Play2019The Creeping Death
14%
Audio Drama2011My Sister Lives on the Mantelpiece
14%
Radio Play2011Kafka: The Musical
14%
Radio Play2011The Gobetweenies
14%
Radio Play2011Tales of Hans Christian Andersen
14%
Radio Play2011Life and Fate
14%
TV Documentary2012Discovering Hamlet
14%
Audio Drama2011How to Break a Dragon's Heart
14%
Audio Drama2011Supermarket Zoo
14%
Audio Drama2011Chitty Chitty Bang Bang Flies Again
14%
Radio Play2011Stevenson in Love
14%
Radio Play2019One Mile Down
14%
Theater1994Long Day's Journey into Night
14%
Radio Play2019No Place
14%
Theater1990Twelve Angry Men
14%
Theater1991Mozart from A to Z
14%
Theater1993-1994The Princess and the Goblin
14%
TV Documentary2012We Won't Drop the Baby
14%
TV Show2018Hang Ups
14%
Radio Play2013The Great Scott: Waverley
14%
Radio Play1993The Fifty Friends of Simon Goberschmitt
14%
Radio Play2016Technophobia
14%
Radio Play2015The Great Scott: The Antiquary
14%
Radio Play2015The Great Scott: The Talisman
14%
Video Game2015Lego Dimensions
14%
Theater2017Don Juan in Soho
14%
TV Show2015-2016Teenage Mutant Ninja Turtles
14%
Theater1992Tartuffe
14%
TV Show2015-2019Have I Got News for You
14%
TV Documentary2016Growing Up Wild
14%
Theater1992Who's Afraid of Virginia Woolf?
14%
TV Show2016Family Guy
14%
Radio Play2016Time Reaver
14%
Radio Play2017Infamy of the Zaross
14%
Radio Play2016Death and the Queen
14%
Audio Drama2016Chitty Chitty Bang Bang Over the Moon
14%
Audio Drama2016Chitty Chitty Bang Bang and the Race Against Time
14%
Radio Play2016The Ebb Tide
14%
Radio Play2016The Mark of the Gold Light
14%
Theater1992Hay Fever
14%
Theater1992Scotland Matters
14%
Theater1992Merlin
14%
TV Show2017The Last Leg
14%
TV Show2017Thunderbirds Are Go
14%
Radio Play2015The Great Scott: The Heart of Midlothian
14%
Radio Play2017Sword of the Chevalier
14%
TV Show2013The Five(ish) Doctors Reboot
14%
Theater1992Jump the Life to Come
14%
Radio Play2013Every Seventh Wave
14%
Radio Play2013The Great Scott: The Fair Maid of Perth
14%
Radio Play2013The Great Scott: Rob Roy
14%
Theater1991-1992Shinda the Magic Ape
14%
Theater1993Antigone
14%
TV Show1993Rab C. Nesbitt
14%
Documentary Mini-Series2014Dolphins - Spy in the Pod
14%
Radio Play2014The Great Scott: Redgauntlet
14%
Radio Play2014The Great Scott: Ivanhoe
14%
Radio Play2014The Great Scott: The Bride of Lammermoor
14%
Radio Play2014How to Seize a Dragon's Jewel
14%
Audio Drama2015Carmilla
14%
Video Game2014Kinect Sports Rivals
14%
Theater1992-1993Merlin the Magnificent and the Adventures of Arthur
14%
Radio Show2017, 2018The Wizards of Once
14%
Documentary Mini-Series2015Pets: Wild at Heart
14%
TV Show2015Jake and the Never Land Pirates
14%
TV Show2015Mickey Mouse Clubhouse
14%
Documentary Mini-Series2015Knights of Classic Drama at the BBC
14%
TV Documentary2015Dames of Classic Drama
14%
TV Documentary2015Inside Einstein's Mind: The Enigma of Space and Time
14%
Radio Play2017Cold Vengeance
14%
TV Documentary2011Lachlan Macquarie: The Father of Australia
14%
Theater1998Black Comedy
14%
Theater1994The Slab Boys Trilogy
14%
Radio Play2003Mansfield Park
14%
TV Show2003Terri McIntyre
14%
TV Show2003Scream of the Shalka
14%
TV Show2003Trust
14%
TV Show2003Posh Nosh
14%
TV Show2003Spine Chillers
14%
Theater2003London Concert for Peace
14%
Audio Drama2003Sympathy for the Devil
14%
Audio Drama2003Exile
14%
Radio Play2003Caesar! - Peeling Figs for Julius
14%
Radio Play2003The Amazing Maurice and His Educated Rodents
14%
Radio Play2003Pompeii
14%
Radio Play2003The Rotters' Club
14%
Radio Play2003Strangers and Brothers
14%
Radio Play2002The Museum
14%
Audio Drama2003The Merlin Conspiracy
14%
Radio Play2003The Mill on the Floss
14%
Radio Play2003A Quick Change
14%
Theater2003-2004The Pillowman
14%
Theater2004The Fleer
14%
Audio Drama2004Dalek Empire III
14%
Audio Drama2004Quite Ugly One Morning
14%
Audio Drama2004Starter for Ten
14%
Audio Drama2004Whiteout
14%
Audio Drama2004The Merchant of Venice
14%
Theater1997Matters of Life and Death
14%
TV Documentary2011Polar Bears: Spy on the Ice
14%
Audio Drama2004How to Be a Pirate
14%
Radio Play2002Island
14%
Radio Show2002Facade
14%
TV Mini-Series1997Conjuring Shakespeare
14%
Audio Drama2000Henry VI, Part 1
14%
Radio Play1998Hemlock and After
14%
Radio Play1998The Airmen Who Would Not Die
14%
Radio Play1998The Golden Triangle: The Order of Release
14%
Theater1998The Real Inspector Hound
14%
TV Show1999The Mrs Bradley Mysteries
14%
Theater1999Vassa - Scenes from Family Life
14%
Theater1999Edward III
14%
Radio Play1999Fire in the Heart
14%
TV Show2000Randall & Hopkirk
14%
Theater2000The Comedy of Errors
14%
Theater2000The Rivals
14%
Theater2000Laughter in the Dark
14%
Audio Drama2000Henry VI, Part 2
14%
Radio Show2002Double Income, No Kids Yet
14%
Audio Drama2000Henry VI, Part 3
14%
Radio Play2000The Sea
14%
Theater2001A Midsummer Night's Dream
14%
Theater2001Comedians
14%
Theater2001Medea
14%
Radio Play2001Sunday Worship
14%
Audio Drama2001The Long Firm
14%
Audio Drama2001He Kills Coppers
14%
Audio Drama2001Colditz
14%
Radio Play2001Dr Findlay: Adventures of a Black Bag
14%
Theater2002Push-Up
14%
Theater2002Lobby Hero
14%
Radio Play2002Dr Findlay: Further Adventures of a Black Bag
14%
Theater1997Hurly Burly
14%
Theater1997Tamagotchi Heaven
14%
Radio Play1996Paint Her Well
14%
TV Show2010Diet or My Husband Dies
14%
Radio Show2008Nebulous
14%
Audio Drama2005The Adventures of Luther Arkwright
14%
TV Pilot2009Rex Is Not Your Lawyer
14%
TV Mini-Series2009Dreamland
14%
Documentary Series2009Swarm: Nature's Incredible Invasions
14%
Theater1995What the Butler Saw
14%
TV Special2009Tonight's the Night
14%
Audio Drama2009The Day of the Troll
14%
Audio Drama2009How to Twist a Dragon's Tale
14%
Documentary Special2010Caught in the Web - A Newsround Special
14%
Documentary Series2010My Life
14%
TV Documentary2010Doctor Who: The Ultimate Guide
14%
Theater2008Love's Labour's Lost
14%
Theater2010Celebrity Autobiography
14%
Radio Play2010Of Mice and Men
14%
Radio Play2010Murder in Samarkand
14%
Audio Drama2010How to Ride a Dragon's Storm
14%
Audio Drama2010The Last Voyage
14%
Theater1998For One Night Only
14%
Audio Drama2010Bear Snores On
14%
Audio Drama2010Dogfish
14%
Radio Play2010How Roald Dahl Shaped Pop
14%
Audio Drama Collection2010Hairy Maclary Story Collection
14%
Radio Show2010, 2011, 2012Book at Bedtime
14%
Radio Play1994Knocking on Heaven's Door
14%
Audio Drama2008Pest Control
14%
Theater1995An Experienced Woman Gives Advice
14%
Documentary Series2008Everest ER
14%
TV Mini-Series2007The Infinite Quest
14%
Audio Drama2005The Beasts of Clawstone Castle
14%
Theater2005, 2006Look Back in Anger
14%
Theater1996The Herbal Bed
14%
Theater1996The General from America
14%
TV Mini-Series2006The Romantics
14%
TV Show2006The Chatterley Affair
14%
Audio Drama2006The Stone Rose
14%
Audio Drama2006The Resurrection Casket
14%
Audio Drama2006The Feast of the Drowned
14%
Theater1996As You Like It
14%
Audio Drama2006How to Speak Dragonese
14%
Audio Drama2010Dead Air
14%
Theater1996The Glass Menagerie
14%
TV Show2007, 2008The Friday Night Project
14%
Audio Drama2007How to Cheat a Dragon's Curse
14%
TV Documentary2007The Human Footprint
14%
TV Special2007Extras Christmas Special
14%
TV ShowTBAAmericons
0%
Radio Play2016The Beach of Falesa
0%
Film2011Friday Night
0%
Radio Play2007The Wooden Overcoat
0%
Radio Play2006The Virgin Radio Christmas Panto
0%
Audio Drama2004Medicinal Purposes
0%
TV Documentary2009Troubled Young Minds
0%
Audio Drama2001True Crime
0%
TV Film2004The Deputy
0%
Audio Drama2015How to Betray a Dragon's Hero
0%
Audio Drama2011A Hero's Guide to Deadly Dragons
0%
TV Documentary2010Stealing Shakespeare
0%
TV Documentary2012Wild About Pandas
0%
Radio Play2011The Pied Piper of Hamelin
0%
Audio Drama2016How to Fight a Dragon's Fury
0%
TV Special2013Red Nose Day 2013: Do Something Funny for Money
0%
TV Mini-Series2010Eddie Izzard: Marathon Man
0%
TV Special2007Red Nose Day 2007
0%
Radio Play1993The Strange Case of Dr. Jekyll and Mr. Hyde
0%
Documentary Mini-Series2013Penguins: Spy in the Huddle
0%

Score Distribution

Percentile by Number Answered

Percent of People with Each Score

Your Score History

You have not taken this quiz since the last reset